000 00678nam a2200205 a 4500
001 000042224
005 20201002040021.0
008 131119s2013 pr 000 0 spa d
020 _a9789945455878
040 _aDO-SdBNP
_bspa
_cBNPHU
082 _axxx
_bF995i, 2013
100 1 _aFuster Lavín, Ana María
_d1967
_9248
245 1 0 _a(In)somnio :
_bnovela /
_cAna María Fuster Lavín.
250 _a2a ed.
260 _aSan Juan, Puerto Rico :
_aSanto Domingo :
_bIsla Negra,
_c2013.
300 _a147 p. ;
_c22 cm.
490 1 _aLa montaña de papel.
500 _aIncluye datos biográficos de la autora en la solapa de la cubierta.
830 0 _aLa montaña de papel.
_91186
999 _c41713
_d41713